000 00553nam a22001817a 4500
999 _c10401
_d10401
003 AR-CdUCM
008 190401b ||||| |||| 00| 0 spa d
040 _aMUNICIPALIDAD PROVINCIAL DEL CUSCO
_cBIBLIOTECA MUNICIPAL DEL CUSCO
082 _aEP / 372.510 /
_bB57
100 _aBlanco, Irene
_927232
245 _aEjercicio de matemática :
_bPrimer grado de primaria /
260 _aLima :
_bEscuela Nueva,
300 _a143 páginas ;
_c24 cm.
650 _aMatemática.
_919387
650 _aEjercicios.
_919599
942 _2ddc
_cLIBROS
945 _awfj